000
00256nam a22000857a 4500
008
211223b ||||| |||| 00| 0 eng d
100
_a
Robson Lowe Ltd
245
_a
The Kings of Egypt and their Stamps
650
_a
Egypt|Kings of Egypt|Stamps of Egypt Kings|Essays
999
_c
3253
_d
3253